000 00613nam a2200229Ia 4500
003 OSt
005 20220918192554.0
006 a|||||r|||| 00| 0
007 ta
008 220917b |||||||| |||| 00| 0 eng d
024 _a69,099
037 _cTextual
040 _aARTS
_cARTS
_beng
041 _2eng
_aeng
082 _aR3, L4.1
100 _aSinha Jadunath
245 0 _aUnity of living faiths , humanism and world peace
260 _aCalcutta
_bSinha Pub House India
_c1974
300 _axxxviii,172p.
_ccm.
942 _hR3, L4.1
_cTEXL
_2CC
999 _c195262
_d195262